LEADER 01544nlm0 22004331i 450 001 990009252220403321 010 $a9783540457633 035 $a000925222 035 $aFED01000925222 035 $a(Aleph)000925222FED01 035 $a000925222 100 $a20100926d2006----km-y0itay50------ba 101 0 $aeng 102 $aDE 135 $adrnn-008mamaa 200 1 $aComputer Safety, Reliability, and Security$bRisorsa elettronica$e25th International Conference, SAFECOMP 2006, Gdansk, Poland, September 27-29, 2006. Proceedings$fedited by Janusz Górski 210 $aBerlin ; Heidelberg$cSpringer$d2006 225 1 $aLecture Notes in Computer Science$x0302-9743$v4166 230 $aDocumento elettronico 336 $aTesto 337 $aFormato html, pdf 702 1$aGórski,$bJanusz 801 0$aIT$bUNINA$gREICAT$2UNIMARC 856 4 $zFull text per gli utenti Federico II$uhttp://dx.doi.org/10.1007/11875567 901 $aEB 912 $a990009252220403321 961 $aCoding and Information Theory 961 $aCoding theory 961 $aComputer science 961 $aComputer Science 961 $aInformation Systems 961 $aLogic design 961 $aLogics and Meanings of Programs 961 $aManagement of Computing and Information Systems 961 $aSoftware engineering 961 $aSoftware Engineering/Programming and Operating Systems 961 $aSpecial Purpose and Application-Based Systems 996 $aComputer Safety, Reliability, and Security$9772429 997 $aUNINA LEADER 03832nam 22007335 450 001 9910299466803321 005 20251113175720.0 010 $a3-642-55182-3 024 7 $a10.1007/978-3-642-55182-6 035 $a(CKB)3710000000111936 035 $a(EBL)1731305 035 $a(OCoLC)884014087 035 $a(SSID)ssj0001237313 035 $a(PQKBManifestationID)11696509 035 $a(PQKBTitleCode)TC0001237313 035 $a(PQKBWorkID)11258536 035 $a(PQKB)10307347 035 $a(MiAaPQ)EBC1731305 035 $a(DE-He213)978-3-642-55182-6 035 $a(PPN)178781797 035 $a(EXLCZ)993710000000111936 100 $a20140506d2014 u| 0 101 0 $aeng 135 $aur|n|---||||| 181 $ctxt 182 $cc 183 $acr 200 10$aProceedings of the Eighth International Conference on Management Science and Engineering Management $eFocused on Intelligent System and Management Science /$fedited by Jiuping Xu, Virgílio António Cruz-Machado, Benjamin Lev, Stefan Nickel 205 $a1st ed. 2014. 210 1$aBerlin, Heidelberg :$cSpringer Berlin Heidelberg :$cImprint: Springer,$d2014. 215 $a1 online resource (787 p.) 225 1 $aAdvances in Intelligent Systems and Computing,$x2194-5365 ;$v280 300 $aDescription based upon print version of record. 311 08$a3-642-55181-5 320 $aIncludes bibliographical references at the end of each chapters and index. 327 $aPart I Intelligent Systems -- Part II Decision Support Systems -- Part III Manufacturing -- Part IV Supply Chain Management. 330 $aThis is the Proceedings of the Eighth International Conference on Management Science and Engineering Management (ICMSEM) held from July 25 to 27, 2014 at Universidade Nova de Lisboa, Lisbon, Portugal and organized by International Society of Management Science and Engineering Management (ISMSEM), Sichuan University (Chengdu, China) and Universidade Nova de Lisboa (Lisbon, Portugal). The goals of the conference are to foster international research collaborations in Management Science and Engineering Management as well as to provide a forum to present current findings. A total number of 138 papers from 14 countries are selected for the proceedings by the conference scientific committee through rigorous referee review. The selected papers in the first volume are focused on Intelligent System and Management Science covering areas of Intelligent Systems, Decision Support Systems, Manufacturing and Supply Chain Management. 410 0$aAdvances in Intelligent Systems and Computing,$x2194-5365 ;$v280 606 $aProduction management 606 $aTelecommunication 606 $aOperations research 606 $aManagement science 606 $aOperations Management 606 $aCommunications Engineering, Networks 606 $aOperations Research, Management Science 615 0$aProduction management. 615 0$aTelecommunication. 615 0$aOperations research. 615 0$aManagement science. 615 14$aOperations Management. 615 24$aCommunications Engineering, Networks. 615 24$aOperations Research, Management Science. 676 $a658.404 702 $aXu$b Jiuping$4edt$4http://id.loc.gov/vocabulary/relators/edt 702 $aCruz-Machado$b Virgílio António$4edt$4http://id.loc.gov/vocabulary/relators/edt 702 $aLev$b Benjamin$4edt$4http://id.loc.gov/vocabulary/relators/edt 702 $aNickel$b Stefan$4edt$4http://id.loc.gov/vocabulary/relators/edt 801 0$bMiAaPQ 801 1$bMiAaPQ 801 2$bMiAaPQ 906 $aBOOK 912 $a9910299466803321 996 $aProceedings of the Eighth International Conference on Management Science and Engineering Management$91921622 997 $aUNINA